India''s Smart Cities Mission (Record no. 694523)

MARC details
000 -LEADER
fixed length control field 00805nam a2200253Ia 4500
003 - CONTROL NUMBER IDENTIFIER
control field OSt
005 - DATE AND TIME OF LATEST TRANSACTION
control field 20220927105751.0
008 - FIXED-LENGTH DATA ELEMENTS--GENERAL INFORMATION
fixed length control field 220926b |||||||| |||| 00| 0 eng d
037 ## - SOURCE OF ACQUISITION
Terms of availability Reference Collections
040 ## - CATALOGING SOURCE
Original cataloging agency RTL
Transcribing agency RTL
Language of cataloging eng
041 ## - LANGUAGE CODE
Source of code eng
Language code of text/sound track or separate title eng
100 ## - MAIN ENTRY--PERSONAL NAME
Personal name HOUSING AND LAND RIGHTS NETWORK
9 (RLIN) 374882
110 ## - MAIN ENTRY--CORPORATE NAME
Corporate name or jurisdiction name as entry element HOUSING AND LAND RIGHTS NETWORK
9 (RLIN) 374883
245 #0 - TITLE STATEMENT
Title India''s Smart Cities Mission
Remainder of title Smart for whom? cities for whom?
260 ## - PUBLICATION, DISTRIBUTION, ETC.
Place of publication, distribution, etc. New
Name of publisher, distributor, etc. "Delhi, HLRN "
Date of publication, distribution, etc. 2017
300 ## - PHYSICAL DESCRIPTION
Extent "v,72p"
Dimensions cm.
700 ## - ADDED ENTRY--PERSONAL NAME
Personal name HOUSING AND LAND RIGHTS NETWORK
9 (RLIN) 374882
942 ## - ADDED ENTRY ELEMENTS (KOHA)
Classification part "U435.2, Q7/UN"
Koha item type
Holdings
Withdrawn status Lost status Damaged status Not for loan Home library Current library Date acquired Total Checkouts Full call number Barcode Date last seen Price effective from Koha item type
        Ratan Tata Library Ratan Tata Library 2022-09-27   "U435.2 Q7/UN" RT1456776 2022-09-27 2022-09-27  
Copyright @ Delhi University Library System